[Event "BCF-chT4 1516 (4NCL)"]
[Site "England"]
[Date "2016.01.17"]
[Round "4.176"]
[White "Kolbusz, George"]
[Black "Ukken, Somton"]
[Result "1-0"]
[WhiteElo "1907"]
[BlackElo "1887"]
[PlyCount "143"]
[EventDate "2015.11.14"]
[EventType "team-swiss"]
[EventRounds "11"]
[EventCountry "ENG"]
[SourceTitle "EXT 2017"]
[Source "ChessBase"]
[SourceDate "2016.10.25"]
[SourceVersion "1"]
[SourceVersionDate "2016.10.25"]
[SourceQuality "1"]
[WhiteTeam "Shropshire II"]
[BlackTeam "Iceni II"]
[WhiteTeamCountry "ENG"]
[BlackTeamCountry "ENG"]

1. d4 d5 2. c4 e6 3. Nc3 Nf6 4. Nf3 Be7 5. e3 0-0 6. Bd3 dxc4 7. Bxc4 a6 8. a4 a5 9. 0-0 Na6 10. e4 Nb4 11. e5 Nfd5 12. Ne4 b6 13. Bg5 h6 14. Bxe7 Qxe7 15. Ra3 Ba6 16. Bb5 Bxb5 17. axb5 Rad8 18. Qc1 Qd7 19. Nh4 f5 20. exf6 Nxf6 21. Nxf6+ Rxf6 22. Nf3 Nd5 23. Qc4 Qf7 24. Ne5 Qh5 25. Rh3 Qg5 26. Rg3 Qh5 27. Qc1 Nf4 28. Rxg7+ Kf8 29. Qxc7 Re8 30. Nd7+ Kxg7 31. Nxf6+ Kxf6 32. Qxf4+ Kg6 33. Qe4+ Kf6 34. Qc6 Rg8 35. Re1 Qd5 36. g3 Qxc6 37. bxc6 Rc8 38. Rc1 e5 39. d5 Ke7 40. f3 Kd6 41. Rd1 b5 42. Kf2 a4 43. Ke3 b4 44. Ke4 a3 45. bxa3 bxa3 46. Ra1 Ra8 47. Ra2 Ra4+ 48. Ke3 Ra5 49. g4 Kxd5 50. c7 Rc5 51. Rxa3 Rxc7 52. Ra5+ Kd6 53. Ra6+ Kd5 54. Rxh6 Rc3+ 55. Kf2 e4 56. fxe4+ Kxe4 57. h3 Kf4 58. Rf6+ Kg5 59. Rf5+ Kg6 60. Rf3 Rc4 61. Kg3 Ra4 62. h4 Rb4 63. h5+ Kg7 64. g5 Ra4 65. Rf4 Ra5 66. Kg4 Rb5 67. h6+ Kg8 68. g6 Rb8 69. Kg5 Ra8 70. h7+ Kg7 71. Rf7+ Kh8 72. Kh6 1-0